Zásady a pravidla územního plánování 5 : Názvosloví a rejstřík

Enregistré dans:
Détails bibliographiques
Format: Livre
Langue:tchèque
Publié: Brno : VÚVA, 1984
Sujets:
Tags: Ajouter un tag
Pas de tags, Soyez le premier à ajouter un tag!

MARC

LEADER 00000nam a22000003a 4500
001 stu51713
005 20141122015610.7
008 000124s1984------------------------cze-d
040 |a STU  |b slo 
041 0 |a cze 
245 |a Zásady a pravidla územního plánování 5 :  |b Názvosloví a rejstřík 
260 |a Brno :  |b VÚVA,  |c 1984 
300 |a preruš.str 
650 7 |a urbanizmus  |2 stusub 
650 7 |a plánovanie územné  |2 stusub 
996 |b 284AB00768  |c A*800 B  |l AAKNAR  |s A  |a 24  |w stu51713_0001